00785nam a22002655i 45000010009000000050017000090080041000260100017000670200025000840200029001090410008001380420008001460820015001541000020001692450081001892600035002702630009003052640051003143000019003653360026003843370028004103380027004386500037004657000017005022049845620250328104950.0180516s2018 cau 000 0 eng  a 2018944687 a9781473991606 (pbk.) a9781473991590 (hardback) aeng apcc a370.72 COS aCostley, Carol 00aMethodologies For Practice Research : Approaches For Professional Doctorates aLondonbSage Publicationc2019 a1812 1aThousand Oaks, CA :bSAGE Publications,c2018. a253;. P: 24 cm atextbtxt2rdacontent aunmediatedbn2rdamedia avolumebnc2rdacarrier aEducation; Research; Methodology aFulton, John